000 00398nam a22001697a 4500
999 _c11842
_d11842
003 OSt
008 230301b ||||| |||| 00| 0 eng d
022 _a9789353162498
082 _a338.9 PAB
100 _aPAUL, Justin
245 _aBusiness Environment: Text and Cases
250 _a4th ed.
260 _aChennai
_bMcGraw Hill
_c2019
300 _a593
650 _aCommerce
942 _2ddc
_cBK